| 000 | 01674nam0a22003251 4500 | ||
|---|---|---|---|
| 001 | rc\685110 | ||
| 005 | 20250621211815.0 | ||
| 035 | _a(NLR Aleph) 005922194 | ||
| 090 |
_a6489071 _c6489071 |
||
| 100 | _a20031121d1985 |||y0rusy50 ca | ||
| 101 | 0 | _arus | |
| 102 | _aRU | ||
| 105 | _aa ||||||||| | ||
| 200 | 1 |
_aГуманитарный бум _eРассказы, повесть _fЛеонид Бежин |
|
| 210 |
_aМ. _cСов. писатель _d1985 |
||
| 215 |
_a352 с. _cпортр. _d20 |
||
| 327 | 1 | _aСодерж.: Дачные месяцы: Повесть; Рассказы: Гуманитарный бум; Должник; Бабочка на стекле; Сентиментальные утраты; В детстве у меня был противогаз; Из цикла "Правила жизни" | |
| 464 | 0 |
_12001#$aДачные месяцы _tДачные месяцы |
|
| 464 | 0 |
_12001#$aГуманитарный бум _tГуманитарный бум |
|
| 464 | 0 |
_12001#$aДолжник _tДолжник |
|
| 464 | 0 |
_12001#$aБабочка на стекле _tБабочка на стекле |
|
| 464 | 0 |
_12001#$aСентиментальные утраты _tСентиментальные утраты |
|
| 464 | 0 |
_12001#$aВ детстве у меня был противогаз _tВ детстве у меня был противогаз |
|
| 464 | 0 |
_12001#$aИз цикла "Правила жизни" _tИз цикла "Правила жизни" |
|
| 700 | 1 |
_aБежин _bЛ.Е. _gЛеонид Евгеньевич |
|
| 801 | 0 |
_aRU _bNLR _gpsbo |
|
| 801 | 1 |
_aRU _bELAR _2rusmarc |
|
| 852 |
_aNLR _j85-3/10295 |
||
| 942 | _cBOOK | ||
| 980 | _aNB | ||